| 000 | 01048naa a22003017u 4500 | ||
|---|---|---|---|
| 001 | 08676 | ||
| 003 | HDC | ||
| 007 | cr bn ---aaaaa | ||
| 008 | 210103t201603 000 0 eng | ||
| 040 | _aHDC | ||
| 100 |
_aDavid Beurle, _99174 |
||
| 245 | 4 |
_aTHE FUTURE OF FOOD FEEDING THE WORLD - THE COMING FOOD REVOLUTION / _cDavid Beurle, Heather Branigin, Celine Beurle |
|
| 260 |
_a[No place] : _bfuture iQ partner _c2016 |
||
| 300 | _a2 pages | ||
| 336 |
_atext _2rdacontent |
||
| 337 |
_acomputer _2rdamedia |
||
| 338 |
_aonline resource _2rdacarrier |
||
| 520 | _aVarious titles inside | ||
| 650 |
_aFood _xReligious aspects _xIslam. _9239 |
||
| 650 |
_aHalal food industry _9128 |
||
| 650 |
_aHalal food _950 |
||
| 700 |
_aBeurle, Celine, _eauthor _99175 |
||
| 700 |
_aBranigin, Heather _eauthor _99176 |
||
| 856 | _zRequest full-text at [email protected] | ||
| 942 | _2lcc | ||
| 942 | _cEIJ | ||
| 942 | _kEMAG 000480 | ||
| 999 |
_c5999 _d5999 |
||